000 00698nam a22002297i 4500
003 URS
005 20220114153430.0
008 171129b xxu||||| |||| 00| 0 eng d
020 _a9789715505963
040 _erda
_cURSP-College Library
_beng
050 _b271.530599 C44h 2009
100 1 _aChirino, Pedro
245 _aHistory of the Philippine Province of the Society of Jesus
_cPedro Chirino
264 1 _aQuezon City
_bAteneo De Manila University Press
_c2009.
300 _a343pages
_c23cm.
336 _atext
_btxt
_2rdacontent
337 _aunmediated
_bn
_2rdamedia
338 _avolume
_bnc
_2rdacarrier
500 _aIncludes index
650 0 _ajesus-history-sources.
942 _2lcc
_cF
999 _c8603
_d8603